| 000 | 05990nam a2200373 a 4500 | ||
|---|---|---|---|
| 001 | 991017720342007486 | ||
| 005 | 20260422121532.0 | ||
| 008 | 250821n ck gr 000 0 spa d | ||
| 020 | _a9789587362688 | ||
| 040 |
_aCO-BoBLA _bspa _cCO-BoBLA _erda |
||
| 041 | 0 | _aspa | |
| 082 | 0 | 4 |
_a636.70898 _bD948g |
| 100 |
_aDurán Ramírez, Felipe. _eautor, _edirector editorial _9534 |
||
| 245 | 1 | 0 |
_aGeriatría y diabetes en perros / _cFelipe Durán Ramirez. |
| 250 | _aPrimera edición | ||
| 264 | 1 |
_aBogotá : _bGrupo Latino Editores, _c2025 |
|
| 300 |
_a394 páginas : _bilustraciones, cuadros, tablas, fotografías ; _c27 cm. |
||
| 336 |
_atexto _btxt _2rdacontent |
||
| 337 |
_asin mediacion _bn _2rdamedia |
||
| 338 |
_avolumen _bnc _2rdacarrier |
||
| 490 | 1 | _aVolvamos al campo | |
| 504 | _aIncluye referencias bibliográficas páginas 381-392. | ||
| 505 | _aContenido. -- CAPÍTULO 1 Consideraciones generales. -- ¿Qué significa envejecer?. -- Fisiología del envejecimiento en perros. -- ¿existen diferencias formas de envejecimiento?. -- ¿Cuáles son las consecuencias y los signos de envejecimiento del perro?. -- ¿Existen cambios psicológicos y de conducta en los perros geriátricos?. -- ¿Qué signos clínicos pueden observarse en un perro con SDC?. -- Principios de fisiopatología del SDC. -- ¿Cómo puede diagnosticarse la SDC?. -- Otras pruebas diagnósticas . Test cognitivos. -- ¿Cuál es el tratamiento para el SDC?. -- ¿Cuánto tiempo puede vivir un perro con SDC?. -- CAPÍTULO 2 Nutrición en el paciente geriátrico. -- Introducción. -- ¿Cuáles son las diferencias entre alimentos y nutrientes?. -- Proteínas. --Grasas. -- Hidratos de carbono. -- Fibra dietética. -- Tratamiento dietético para la obesidad en perros senior. -- CAPÍTULO 3 Enfermedades comunes en perros geriátricos. - -Introducción. -- Cardiopatías en perros geriátricos. -- Insuficiencias valvulares. Enfermedad de la válvula mitral (EVM). -- Cardiomiopatía dilatada (CMD). -- enfermedad renal en perros geriátricos. -- Insuficiencia renal crónica (IRC) o enfermedad renal crónica (ERC). -- Enfermedades hepáticas en perros geriátricos. -- Generalidades. -- Cáncer de hígado en perros geriátricos. -- Tipos de cáncer. -- ¿Cuáles son las causas?. -- ¿Qué síntomas se presentaron? -- ¿Cómo se puede diagnosticar?. -- ¿Cuál es el tratamiento indicado?. -- Cirrosis y fibrosis hepática en perros geriátricos. -- Fisiopatología. --¿Cuáles son los signos clínicos?. -- ¿Cómo puede diagnosticarse?. -- ¿Cómo se puede tratar?. -- Hepatitis crónica canina (HCC) en perros geriátricos. -- hepatitis aguda canina (HAC) en perros geriátricos. -- Enfermedades orodentales en perros geriátricos. -- enfermedad periodontal. -- Gingivitis. -- Periodontitis. -- Otras enfermedades orodentales en perros geriátricos. -- caries. -- Fistulas dentales. -- Fracturas dentales. -- Absceso periapical (flemón). -- Enfermedad endodóntica. -- Tumores. -- Problemas reproductores en perros geriátricos. -- hiperplasia prostática benigna canina (HPB). -- Pus e inflamación del útero (pirómetra). -- Tumores mamarios. -- Trastornos articulares en perros geriátricos. -- Osteoartritis (OA) -- ¿Cuál es el pronostico?. -- CAPÍTULO 4 Anestesia en perros geriátricos. -- introducción.-- El perro geriátrico y sus sistemas más afectados. -- Evaluación preanestésica del perro geriátrico. -- Anestesia en el perro sano. -- Anestesia por inhalación (intubación endotraqueal). -- Monitorización del paciente. -- Complicaciones de la anestesia. -- DIABETES CAPÍTULO 1 Consideraciones generales. -- ¿Qué es la diabetes mellitus (DM)? -- Otro tipos de diabetes en caninos. -- CAPÍTULO 2 Síntomas, causas, diagnóstico y tratamiento de diabetes mellitus. ---síntomas de diabetes. -- Diagnóstico de la diabetes. -- Importancia y concepto de la glucosa. -- Tratamiento para la diabetes. -- 1 Insulina. -- Insulinoterapia. -- Tipos de insulina. -- ¿ Por qué vía y cómo se administra la insulina?. -- Etapas para la aplicación de insulina a un perro. -- Complicaciones del tratamiento con insulina. -- 2 dieta y ejercicios. -- El ejercicio. -- 3 Hipoglucemiantes. -- Importancia de la monitorización de la DM. -- Dispositivos para monitorización subcutánea. -- Pronostico. -- Complicaciones crónicas del diabetes. -- Cataratas. -- Uveítis inducida por las proteínas del cristalino. -- Ojo seco o queratoconjuntivitis seca. -- Glaucoma. -- Neuropatía diabética. -- Nefropatía diabética. -- Cetoacidosis diabética. -- Hipertensión sistémica. -- Bibliografía. -- Tabla de abreviaturas. | ||
| 520 | _aObra especializada en medicina veterinaria que aborda el manejo integral del perro geriátrico, incluyendo los cambios fisiológicos asociados al envejecimiento, la nutrición y las principales enfermedades que afectan a esta etapa de la vida. Desarrolla temas como patologías renales, hepáticas, articulares, orodentales y trastornos sistémicos, así como consideraciones anestésicas en animales de edad avanzada. Incluye además una sección dedicada a la diabetes mellitus canina, en la que se analizan sus causas, manifestaciones clínicas, diagnóstico y tratamiento, enfatizando el control metabólico mediante insulina, dieta y manejo clínico. La obra está dirigida a estudiantes y profesionales de medicina veterinaria interesados en la atención clínica de pequeños animales, especialmente en geriatría y endocrinología. | ||
| 598 | _a1 | ||
| 650 | 0 |
_aGeriatría veterinaria. _2BLAAUTO _91138 |
|
| 650 | 0 |
_a Enfermedades de los perros _xDiagnostico y tratamiento _2BLAAUTO _91137 |
|
| 650 | 0 |
_aPerros _xcuidados e higiene _2BLAAUTO _91139 |
|
| 650 | 0 |
_aDiabetes en perros _xDiagnostico y tratamiento _2BLAAUTO _91140 |
|
| 650 | 0 |
_aEnvejecimiento del perro. _2BLAAUTO _91141 |
|
| 650 | 0 |
_aAnimales — Enfermedades _91122 |
|
| 650 | 0 |
_aDiabetes en perros _xDiagnostico y tratamiento _91140 |
|
| 942 |
_cBK _n0 |
||
| 999 |
_c37912 _d37912 |
||